=LDR 00000nam 2200000 4500 =001 INLIS000000000048355 =005 20241218014247 =035 ##$$a 0010-101600000000113 =008 241218################g##########0#ind## =040 ##$$a NBPDMAT =082 ##$$a 342.05 =090 ##$$a 342.05$bNas n =245 ##$$a Naskah komprehensif perubahan UUD 1945 /$c Tim Penyusun Harun Kamil...[ et.al ] =260 ##$$a Jakarta :$b Sekretariate Jendral dan Kepaniteraan Mahkamah Konstitusi,$c 2008 =300 ##$$a xxxi, 689 hlm. ; $c 22 x 15 cm. =650 #4$$a Undang-undang Dasar-Perubahan =700 #$$a Harun Kamil =850 ##$$a NBPDMAT =020 ##$$a 978-602-8308-00-7 =084 ##$$a 342.05 NAS n =990 ##$$a 31600028